वामकेýरीतम् (Record no. 297264)
[ view plain ]
| 000 -LEADER | |
|---|---|
| fixed length control field | 01007nam a2200277Ia 4500 |
| 003 - CONTROL NUMBER IDENTIFIER | |
| control field | OSt |
| 005 - DATE AND TIME OF LATEST TRANSACTION | |
| control field | 20220923211227.0 |
| 008 - FIXED-LENGTH DATA ELEMENTS--GENERAL INFORMATION | |
| fixed length control field | 220922b |||||||| |||| 00| 0 hin d |
| 020 ## - INTERNATIONAL STANDARD BOOK NUMBER | |
| International Standard Book Number | 9788170803829 (hbk) |
| 037 ## - SOURCE OF ACQUISITION | |
| Terms of availability | Textual |
| 040 ## - CATALOGING SOURCE | |
| Original cataloging agency | ARTS |
| Transcribing agency | ARTS |
| Language of cataloging | hin |
| 041 ## - LANGUAGE CODE | |
| Source of code | hin |
| Language code of text/sound track or separate title | hin |
| 100 ## - MAIN ENTRY--PERSONAL NAME | |
| Personal name | नारायण, कपिलदेव, अनु. |
| 9 (RLIN) | 159504 |
| 245 #0 - TITLE STATEMENT | |
| Title | वामकेýरीतम् |
| 246 ## - VARYING FORM OF TITLE | |
| Title proper/short title | Vāmakeýrītam |
| 260 ## - PUBLICATION, DISTRIBUTION, ETC. | |
| Place of publication, distribution, etc. | वाराणसी |
| Name of publisher, distributor, etc. | चौखम्बा कृष्णदास अकादमी |
| Date of publication, distribution, etc. | 2012 |
| 300 ## - PHYSICAL DESCRIPTION | |
| Extent | 72पृ. |
| Dimensions | cm. |
| 490 ## - SERIES STATEMENT | |
| Series statement | हरिदास संस्कृत सीरीज; 377 |
| 650 ## - SUBJECT ADDED ENTRY--TOPICAL TERM | |
| Topical term or geographic name entry element | धर्म |
| 942 ## - ADDED ENTRY ELEMENTS (KOHA) | |
| Classification part | Q25:23, 152Q2 |
| Koha item type | Textual |
| Source of classification or shelving scheme | Colon Classification (CC) |
| Withdrawn status | Lost status | Damaged status | Not for loan | Home library | Current library | Date acquired | Source of acquisition | Cost, normal purchase price | Total Checkouts | Full call number | Barcode | Date last seen | Cost, replacement price | Price effective from | Koha item type |
|---|---|---|---|---|---|---|---|---|---|---|---|---|---|---|---|
| Arts Library | Arts Library | 2022-09-23 | 485, 20/03/2012, Eastern Book Linkers | 85.00 | Q25:23 152Q2 | AL1486796 | 2022-09-23 | 85.00 | 2022-09-23 | Textual |
